Catalog

Record Details

Catalog Search



Growing Plantation Forests Cover Image E-book E-book

Growing Plantation Forests [electronic resource] / by Philip W. West.

West, Philip W. (author.). SpringerLink (Online service) (Added Author).

Record details

  • ISBN: 9783540324799
  • Physical Description: XIV, 304 p. 36 illus. online resource.
  • Publisher: Berlin, Heidelberg : Springer Berlin Heidelberg, 2006.
Subject: Life sciences.
Forests and forestry.
Trees.
Wood.
Life Sciences.
Forestry Management.
Forestry.
Tree Biology.
Wood Science & Technology.

Electronic resources


LDR 01379nam a22004095i 4500
00118057
003CONS
00520131218210229.0
007cr nn 008mamaa
008100301s2006 gw | s |||| 0|eng d
020 . ‡a9783540324799 ‡9978-3-540-32479-9
0247 . ‡a10.1007/3-540-32479-8 ‡2doi
035 . ‡a(DE-He213)978-3-540-32479-9
050 4. ‡aQH545.F67
072 7. ‡aTVR ‡2bicssc
072 7. ‡aTEC003040 ‡2bisacsh
1001 . ‡aWest, Philip W. ‡eauthor.
24510. ‡aGrowing Plantation Forests ‡h[electronic resource] / ‡cby Philip W. West.
264 1. ‡aBerlin, Heidelberg : ‡bSpringer Berlin Heidelberg, ‡c2006.
300 . ‡aXIV, 304 p. 36 illus. ‡bonline resource.
336 . ‡atext ‡btxt ‡2rdacontent
337 . ‡acomputer ‡bc ‡2rdamedia
338 . ‡aonline resource ‡bcr ‡2rdacarrier
347 . ‡atext file ‡bPDF ‡2rda
650 0. ‡aLife sciences.
650 0. ‡aForests and forestry.
650 0. ‡aTrees.
650 0. ‡aWood.
65014. ‡aLife Sciences.
65024. ‡aForestry Management.
65024. ‡aForestry.
65024. ‡aTree Biology.
65024. ‡aWood Science & Technology.
7102 . ‡aSpringerLink (Online service)
7730 . ‡tSpringer eBooks
77608. ‡iPrinted edition: ‡z9783540324782
85640. ‡uhttp://biblioteca.ipicyt.edu.mx:2048/login?url=http://dx.doi.org/10.1007/3-540-32479-8 ‡yTexto completo ‡9CONS
950 . ‡aBiomedical and Life Sciences (Springer-11642)
901 . ‡a18057 ‡b ‡c18057 ‡tbiblio ‡sSystem Local

Additional Resources